000 01975nam0a2200361 4500
001 RU\NLR\bibl\1364591
005 20260405160930.0
010 _a978-5-94898-282-3
_9500
021 _aRU
_b2009-15463
_9917
035 _a(nilc)RSL-KNO-004257803
035 _a(NLR Aleph) 001356748
090 _a955550
_c955550
100 _a20090311d2009 |||y0rusy50 ca
101 0 _arus
102 _aRU
105 _aa zzzz|||||
200 1 _aУправление процессом адаптации учащихся в школе
_fВ. А. Терехов, Е. В. Петрова
_gДепартамент образования г. Москвы, Московский ин-т открытого образования
210 _aМосква
_cМИОО
_cОАО "Московские учебники"
_d2009
215 _a143 с.
_cил., табл.
_d21
320 _aБиблиогр.: с. 108-110 (40 назв.)
606 1 _aШкольники
_xАдаптация психологическая
_xУправление
_92557557
_3RU\NLR\auth\661513055
610 0 _aКультура. Наука. Просвещение -- Народное образование. Педагогические науки -- Общеобразовательная школа. Школьная педагогика -- Школьная педагогика -- Российская Федерация -- Школоведение -- Организация учебной работы -- Начало учебного года
686 _aЧ421,6(2)443,0
_2rubbk
686 _aЮ984.030.2-994
686 _aЮ983.402
700 1 _aТерехов
_bВ. А.
_4070
701 1 _4070
_8rus
_7ca
_aПетрова
_bЕ. В.
_cканд. пед. наук, психология
_gЕлена Владимировна
_3RU\NLR\auth\7767486
_950414
801 0 _aRU
_bРКП
_c20090311
_grcr
801 1 _aRU
_bРГБ
_c20090311
801 2 _aRU
_bNLR
_c20090504
_grcr
942 _cBOOK
980 _aNB